<?xml version="1.0" encoding="UTF-8"?>
<collection xmlns="http://www.loc.gov/MARC21/slim">
 <record>
  <leader>01129nam a2200217 a 4500</leader>
  <controlfield tag="001">1/49673</controlfield>
  <controlfield tag="008">941025s1948    gr f     b    000 0 gre d</controlfield>
  <datafield tag="035" ind1=" " ind2=" ">
   <subfield code="l">5121</subfield>
  </datafield>
  <datafield tag="040" ind1=" " ind2=" ">
   <subfield code="a">GR-PeUP</subfield>
  </datafield>
  <datafield tag="082" ind1="0" ind2="0">
   <subfield code="a">949.502 ΚΟ</subfield>
  </datafield>
  <datafield tag="100" ind1="1" ind2=" ">
   <subfield code="a">Κουκουλές, Φαίδων,</subfield>
   <subfield code="d">1881-1956.</subfield>
  </datafield>
  <datafield tag="245" ind1="1" ind2="0">
   <subfield code="a">Βυζαντινών βίος και πολιτισμός /</subfield>
   <subfield code="c">Φαίδωνος Κουκουλέ.</subfield>
  </datafield>
  <datafield tag="260" ind1=" " ind2=" ">
   <subfield code="a">Αθήνα :</subfield>
   <subfield code="b">Παπαζήσης,</subfield>
   <subfield code="c">1948.</subfield>
  </datafield>
  <datafield tag="300" ind1=" " ind2=" ">
   <subfield code="a">5 τ.(1946 σ.) :</subfield>
   <subfield code="b">πίν. ;</subfield>
   <subfield code="c">24 εκ.</subfield>
  </datafield>
  <datafield tag="504" ind1=" " ind2=" ">
   <subfield code="a">Περιέχει βιβλιογραφία.</subfield>
  </datafield>
  <datafield tag="650" ind1=" " ind2="4">
   <subfield code="a">Βυζαντινή αυτοκρατορία.</subfield>
  </datafield>
  <datafield tag="651" ind1=" " ind2="0">
   <subfield code="a">Ελλάδα</subfield>
   <subfield code="x">Ιστορία.</subfield>
  </datafield>
  <datafield tag="852" ind1=" " ind2=" ">
   <subfield code="a">INST</subfield>
   <subfield code="b">UNIPILB</subfield>
   <subfield code="c">MAIN</subfield>
   <subfield code="e">20040709</subfield>
   <subfield code="h">949.502 ΚΟ</subfield>
   <subfield code="p">00120492</subfield>
   <subfield code="q">00120492</subfield>
   <subfield code="t">LOAN</subfield>
   <subfield code="v">τομ. :</subfield>
   <subfield code="y">0</subfield>
   <subfield code="4">1</subfield>
  </datafield>
  <datafield tag="852" ind1=" " ind2=" ">
   <subfield code="a">INST</subfield>
   <subfield code="b">UNIPILB</subfield>
   <subfield code="c">MAIN</subfield>
   <subfield code="e">20040709</subfield>
   <subfield code="h">949.502 ΚΟ</subfield>
   <subfield code="p">00120493</subfield>
   <subfield code="q">00120493</subfield>
   <subfield code="t">LOAN</subfield>
   <subfield code="v">τομ. :</subfield>
   <subfield code="y">0</subfield>
   <subfield code="4">2</subfield>
  </datafield>
  <datafield tag="852" ind1=" " ind2=" ">
   <subfield code="a">INST</subfield>
   <subfield code="b">UNIPILB</subfield>
   <subfield code="c">MAIN</subfield>
   <subfield code="e">20040709</subfield>
   <subfield code="h">949.502 ΚΟ</subfield>
   <subfield code="p">00120495</subfield>
   <subfield code="q">00120495</subfield>
   <subfield code="t">LOAN</subfield>
   <subfield code="v">τ.Δ'τόμος:</subfield>
   <subfield code="y">0</subfield>
   <subfield code="z">τ.Δ'τόμος</subfield>
   <subfield code="4">4</subfield>
  </datafield>
  <datafield tag="852" ind1=" " ind2=" ">
   <subfield code="a">INST</subfield>
   <subfield code="b">UNIPILB</subfield>
   <subfield code="c">MAIN</subfield>
   <subfield code="e">20040709</subfield>
   <subfield code="h">949.502 ΚΟ</subfield>
   <subfield code="p">00120496</subfield>
   <subfield code="q">00120496</subfield>
   <subfield code="t">LOAN</subfield>
   <subfield code="v">τ.Ε'τόμος:</subfield>
   <subfield code="y">0</subfield>
   <subfield code="z">τ.Ε'τόμος</subfield>
   <subfield code="4">4</subfield>
  </datafield>
 </record>
</collection>
